Missing Word: Fortnite Locations Quiz Stats

 Plays Quiz Updated May 12, 2018

Score 0/20 Timer 05:00
37 Plays Today
Location Missing Word % Correct
Tilted _____Towers
99.4%
_____ LakeLoot
98.4%
Wailing _____Woods
97.5%
_____ TownTomato
95.9%
Salty _____Springs
95.4%
_____ RowRetail
94.9%
Moisty _____Mire
94.4%
Dusty _____Depot
93.4%
Greasy _____Grove
92.5%
Lonely _____Lodge
92.4%
Location Missing Word % Correct
_____ HillsHaunted
91.5%
_____ FieldsFatal
91.3%
_____ FactoryFlush
91%
_____ ShaftsShifty
90.2%
_____ ParkPleasant
89.8%
_____ LandingLucky
89.5%
_____ ShoresSnobby
88.8%
Junk _____Junction
88.7%
Risky _____Reels
87%
Anarchy _____Acres
86%

Today's Daily Dose

Missing Word
Podcasts A-Z

Word Ladder
Rowing

On This Day
January 22nd II

You're not logged in!

Compare scores with friends on all Sporcle quizzes.
OR
Log In

You Might Also Like...

Show Comments

Extras

Top Quizzes Today


Score Distribution

Your Account Isn't Verified!

In order to create a playlist on Sporcle, you need to verify the email address you used during registration. Go to your Sporcle Settings to finish the process.

Report this User

Report this user for behavior that violates our Community Guidelines.

Details: